| 000 | 00985cam a22002771 4500 | ||
|---|---|---|---|
| 008 | 800228s1966 fr b 000 0 fre | ||
| 010 | _a 67105650 | ||
| 040 |
_aDLC _cAzU _dAzU _dNBL _dDLC |
||
| 050 | 0 | 0 |
_aKNX68 _b.N63 1966 |
| 082 | _a340.0952 | ||
| 092 | 0 | 4 |
_a340.0952 _bN761i _221 |
| 099 |
_a04 _a340.0952 N761i |
||
| 100 | 1 |
_aNoda, Yoshiyuki, _d1912-1985. |
|
| 245 | 1 | 0 |
_aIntroduction au droit japonais, _cpar Yosiyuki Noda. |
| 260 |
_aParis, _bDalloz, _c1966. |
||
| 300 |
_a285 p. _c24 cm. |
||
| 490 | 1 |
_aInstitut de droit comparâe de l'Universitâe de Paris. Les systلemes de droit contemporains, _v19 |
|
| 504 | _aBibliography: p. 270-280. | ||
| 650 | 0 |
_aLaw _zJapan _xHistory. |
|
| 810 | 2 |
_aUniversitâe de Paris. _bInstitut de droit comparâe. _tSystلemes de droit contemporains ; _v19. |
|
| 902 | _a1 | ||
| 905 |
_aEman _eRev. |
||
| 905 |
_aJamal _eCat. |
||
| 942 |
_2ddc _cBK |
||
| 999 |
_c135438 _d135438 |
||